MARC

LEADER 00000nam0a2200000 4500
001 373999
005 20231102012620.0
035 |a (RuTPU)RU\TPU\retro\31432 
035 |a RU\TPU\book\296927 
090 |a 373999 
100 |a 20221216d1949 m y0rusy50 ca 
101 0 |a rus 
102 |a RU 
105 |a a z 001zy 
200 1 |a Наивыгоднейшее распределение нагрузок между параллельно работающими электростанциями  |f В. М. Горнштейн 
210 |a Москва  |a Ленинград  |c Государственное энергетическое изд-во  |d 1949 
215 |a 256 с.  |c ил. 
316 |5 63413507: М-133044  |a На титульном листе и обложке владельческая подпись: "Бутаков" 
317 |5 63413507: М-133044  |a Поступила в НТБ в 1970 г. в составе книжного собрания профессора ТПИ И. Н. Бутакова 
320 |a Литература: с. 256 
606 1 |a Электрические станции  |2 stltpush  |3 (RuTPU)RU\TPU\subj\27616  |9 51341 
610 1 |a электрические системы 
610 1 |a электростанции 
610 1 |a электрические сети 
610 1 |a котлы 
610 1 |a турбогенераторы 
610 1 |a режимы 
610 1 |a нагрузки 
610 1 |a потери 
610 1 |a методы 
610 1 |a расчеты 
610 1 |a библиотека И. Н. Бутакова 
610 1 |a владельческая надпись 
675 |a 621.311.2  |v 3 
700 1 |a Горнштейн  |b В. М. 
801 1 |a RU  |b 63413507  |c 20141028 
801 2 |a RU  |b 63413507  |c 20221216  |g RCR 
942 |c BK